Statistiques concernant Quiz sur les Émirats Arabes Unis

Cliquez ici pour prendre le quiz!

Statistiques générales

  • Ce quiz a été pris 4 821 fois
  • Le résultat moyen est 13 sur 20

Statistiques - réponses

QuestionRéponse% Correct
Langue officielleArabe
95%
Première ville en termes de populationDubaï
95%
Pays frontaliersArabie Saoudite
93%
Pays frontaliersOman
91%
Capitale et deuxième plus grande villeAbou Dabi
88%
Plus haut gratte-ciel du monde (828 m)Burj {Khalifa}
88%
Principal produit d'exportationPétrole
88%
Le Burj Al Arab a été décrit comme étant le seul ____ 7 étoiles du mondeHôtel
79%
Golfe qui borde les ÉmiratsGolfe Persique
76%
Pays qui possédait les Émirats Arabes Unis jusqu'en 1971Royaume-Uni
70%
Le gigantesque Mall of the Emirates propose de pratiquer ce sport en intérieurSki
66%
Animaux qui fait l'objet de nombreuses courses aux Émirats, autrefois montés par
des enfants-jockeys même si l'usage de robots est de plus en plus répandu
Dromadaires
64%
Celle-ci a le troisième ____ le plus fréquenté du monde, derrière Atlanta et PékinAéroport
62%
27,15% des émiratis sont nés dans ce pays (contre 11,32% nés sur place)Inde
50%
Détroit qui sépare les Émirats Arabes Unis de l'IranDétroit d'O{rmuz}
43%
Devise monétaireDirham
43%
Espèce d'oiseau qui est représenté sur les armoiries nationales des ÉmiratsFaucon
34%
Parc d'attraction à thème automobile qui a les montagnes russes les plus rapides au monde{Ferrari} World
32%
Troisième ville la plus peuplée du paysCharjah
14%
Les Émirats sont les 3èmes plus grands importateurs d'____
au monde, après la Chine et l'Inde (période 2012 - 2016)
Armes
10%

Distribution des résultats

Percentile par nombre de réponses

% des personnes avec chaque résultat

Votre développement - résultats

Vous n’avez pas pris ce quiz